000 00894nam a2200253Ia 4500
003 OSt
005 20221005111813.0
006 a|||||r|||| 00| 0
007 ta
008 221004b |||||||| |||| 00| 0 hin d
024 _a19931
037 _bGift, 29/06/2015,
_cTextual
040 _aCRL
_cCRL
_bhin
041 _2hin
_ahin
082 _aR6, 152M8
100 _aश्रीवास्तव, रमा शंकर
_9160504
245 0 _aसमकालीन भारतीय दर्शन
246 _aSamakālīn bhāratīya darshana
260 _aरॉंची
_bशरदा पब्लिकेशन्स भारत
_c1988
300 _a464पृ0
_ccm.
650 _aभारतीय दर्शन
942 _hR6, 152M8
_cTEXL
_2cc
999 _c1022958
_d1022958